01650cam a2200361 i 450000100090000000300090000900500170001800800410003502000180007602000150009404000950010908200200020410000360022424500850026024600340034524600290037926400670040826400100047530000500048533600260053533700280056133800270058950000210061652003140063765000310095165000310098265100100101365300510102365500170107494200240109199900170111595201560113218426148EG-ScBUE20230328091534.0150105t2015 cauo f 001 0 eng d a9780321988232 a032198823X aBTCTAbengerdacBTCTAdBDXdUKMGBdNZROPdOCLCOdYDXCPdNOGdZQPdDLCdEG-ScBUEdEG-ScBUE04a778.94bBAT2221 aBatdorff, John,eauthor.93893210aTravel and street photography :bfrom snapshots to great shots /cJohn Batdorff.30aFrom snapshots to great shots30aSnapshots to great shots 1a[San Francisco] :bPeachpit Press / Pearson Education,c[2015] 4cc2015 axi, 251 pages :bphotographs (color) ;c23 cm 2rdacontentatextbtxt 2rdamediaaunmediatedbn 2rdacarrieravolumebnc aIncludes index.  aWhether you're heading to Paris or San Francisco, Patagonia or Yosemite, you need a book that goes beyond the camera manual to teach you how to take great shots. This guide by pro photographer John Batdorff will help you conquer the fundamentals of travel and street photography and capture stunning pictures. 7aTravel photography.2BUEsh 7aStreet photography.2BUEsh 2BUEsh bCOMAMEcAugust2015cDecember2015cNovember2016 vReading book 2ddck778.94 BATcBB c20412d20384 00102ddc40708BaccahaMAINbMAINc2NDd2015-08-02ePurchaseg200.00h21763l3m5o778.94 BATp000030679r2025-07-15 00:00:00s2022-11-20v250.00yBB